Vídeo en Latinoamérica : una historia crítica /

Guardado en:
Detalles Bibliográficos
Autor principal: Baigorri Ballarín, Laura (edición)
Otros autores: Giráldez, Elvira (edición) (edición), Corbeira, Darío (edición) (edición)
Formato: Libro
Idioma:Español
Publicado: Madrid, España : Brumaria, 2008
Colección:(Brumaria ; 10)
Temas:
Etiquetas: Agrega una etiqueta
Sin etiquetas, Sé el primero en etiquetar este registro!

MARC

LEADER 00000nam^a2200000^a^4500
001 000399953
005 20250521000000.0
009 20260310121606.521
020 |a 978-84-8347-072-5 
037 |a Acervo ITESO - Biblioteca 
041 |a ESP 
082 |a 709. 04077  |b BAI 
100 |a Baigorri Ballarín, Laura  |e (edición) 
245 1 0 |a Vídeo en Latinoamérica :  |b una historia crítica /  |c Ed. asociada de L. Baigorri Ballarín ; ed. ejecutiva de E. Giráldez ; ed. de D. Corbeira. 
264 1 |a Madrid, España :  |b Brumaria,  |c 2008 
300 |a 266 p. 
336 |a texto  |b txt  |2 rdacontenido 
337 |a sin mediación  |b n  |2 rdamedio 
338 |a volumen  |b nc  |2 rdasoporte 
440 1 |a (Brumaria ;  |v 10) 
521 |a FIL 2017 EEnlace Departamento de Estudios Socioculturales 
649 |a XX 
650 |a Video-Arte -  |z Latinoamérica -  |x Historia y Crítica -  |x Tema Principal 
650 |a Video -  |z Latinoamérica -  |x Historia y Crítica 
650 |a Medios Audiovisuales -  |z Latinoamérica -  |x Historia -  |y Siglo XX 
650 |a Medios de Comunicación -  |z Latinoamérica -  |x Historia -  |y Siglo XX 
650 |a Comunicación Visual -  |z Latinoamérica -  |x Historia -  |y Siglo XX 
650 |a Arte (Tendencias Recientes) -  |z Latinoamérica -  |x Historia y Crítica 
650 |a Arte Latinoamericano -  |x Historia y Crítica 
650 |a Arte Latinoamericano -  |y Siglo XX 
650 |a Arte Latinoamericano -  |y Siglo XXI 
700 |a Giráldez, Elvira  |e (edición) 
700 |a Corbeira, Darío  |e (edición) 
910 |a Fondo General 
920 |a Impresos - Libros 
930 |a Colección General 
905 |a 101 
901 |a 0500295296  |b IT1  |c ACC  |i c157723  |u 20250521 
902 |a https://opac.biblio.iteso.mx/vufind/Record/000399953